Estrategias del Pensar: (Record no. 117186)
[ view plain ]
| 000 -LEADER | |
|---|---|
| fixed length control field | 00974nam a22002297a 4500 |
| 005 - DATE AND TIME OF LATEST TRANSACTION | |
| control field | 20160617112016.0 |
| 008 - FIXED-LENGTH DATA ELEMENTS--GENERAL INFORMATION | |
| fixed length control field | 160617b mx ||||| |||| 00| 0 spa d |
| 020 ## - INTERNATIONAL STANDARD BOOK NUMBER | |
| International Standard Book Number | 9786070205125 |
| 050 04 - LIBRARY OF CONGRESS CALL NUMBER | |
| Classification number | PQ7882. E8 |
| Item number | E88 2010 |
| 245 10 - TITLE STATEMENT | |
| Title | Estrategias del Pensar: |
| Remainder of title | Ensayo y prosa de las ideas en América Latina, Siglo XX / |
| Statement of responsibility, etc | Weinberg, Liliana coord. |
| 250 ## - EDITION STATEMENT | |
| Edition statement | 1a ed. |
| 260 ## - PUBLICATION, DISTRIBUTION, ETC. (IMPRINT) | |
| Place of publication, distribution, etc | Mexico: |
| Name of publisher, distributor, etc | UNAM, Centro de investigaciones sobre América latina y el caribe, |
| Date of publication, distribution, etc | 2010 |
| 300 ## - PHYSICAL DESCRIPTION | |
| Extent | v.2 |
| Dimensions | 21 cm. |
| 490 ## - SERIES STATEMENT | |
| Series statement | Literatura y ensayo en América latina y el caribe |
| Volume number/sequential designation | 8 |
| 504 ## - BIBLIOGRAPHY, ETC. NOTE | |
| Bibliography, etc | Incluye índice |
| 505 ## - FORMATTED CONTENTS NOTE | |
| Formatted contents note | Contenido v.2 : La creación y la Critica; Los intelectuales y la crítica de la cultura; entre la historia y la filosofía. |
| 650 #4 - SUBJECT ADDED ENTRY--TOPICAL TERM | |
| Topical term or geographic name as entry element | Ensayos latinoamericanos |
| General subdivision | Historia y crítica |
| Chronological subdivision | Siglo XX |
| 650 #4 - SUBJECT ADDED ENTRY--TOPICAL TERM | |
| Topical term or geographic name as entry element | Ensayo |
| General subdivision | Historia y crítica |
| 650 #4 - SUBJECT ADDED ENTRY--TOPICAL TERM | |
| Topical term or geographic name as entry element | América latina en la literatura |
| Chronological subdivision | Siglo XX |
| 700 1# - ADDED ENTRY--PERSONAL NAME | |
| Personal name | Weinberg, Liliana |
| Relator term | coord. |
| 942 ## - ADDED ENTRY ELEMENTS (KOHA) | |
| Source of classification or shelving scheme | Biblioteca del Cogreso de los Estados Unidos |
| Koha item type | Libro |
| Estado de pérdida | Fuente de clasificación | Estado del daño | No para préstamo | Ubicación permanente | Ubicación actual | Apartado o colección | Fecha de adquisición | Fuente de adquisición | Edición | Dependencia de educación superior (DES) | Área del conocimiento | Clasificación | Código de Barras | Date last seen | Número de copia | Tipo de recurso |
|---|---|---|---|---|---|---|---|---|---|---|---|---|---|---|---|---|
| Biblioteca del Cogreso de los Estados Unidos | Biblioteca de la Facultad de Filosofía | Biblioteca de la Facultad de Filosofía | General | 17/06/2016 | Unidad Académica Genérico | 1a ed. | Humanidades | Educación y Humanidades | PQ7882. E8 E88 2010 | BFF000016268 | 17/06/2016 | C:1 V.2 | Libro |